|
|
|
|
| LEADER |
00000nab a2200000 a 4500 |
| 001 |
vtls000770671 |
| 003 |
SK-MaSNL |
| 005 |
20260304103337.0 |
| 008 |
250429c2001 xo 0 slo |
| 015 |
|
|
|a SNBRB2001/10-29143
|
| 035 |
|
|
|a CLN000122458
|
| 035 |
|
|
|a urn:nbn:sk:snk-ab217x
|
| 035 |
|
|
|a (urnnbn)urn:nbn:sk:snk:ar-a01ebk
|
| 035 |
|
|
|a (uuid)6e59736f-9917-497c-9d3e-324c2fa664ac
|
| 040 |
|
|
|a SNKBUCL
|b slo
|c SNKBUCL
|e AACR2
|
| 041 |
0 |
|
|a slo
|
| 044 |
|
|
|a xo
|c SK
|
| 080 |
|
|
|a 78.071.2(048):784.4
|2 1997
|
| 080 |
|
|
|a 784.4
|2 1997
|
| 100 |
1 |
|
|a Demo, Ondrej,
|d 1927-2020
|4 aut
|9 220417
|
| 245 |
1 |
0 |
|a Cez ten Žaškov-
|c Ondrej Demo
|
| 300 |
|
|
|b Fotogr.
|
| 610 |
|
7 |
|a Trnkári (folklórna skupina : Žaškov, Slovensko)
|x nahrávky CD
|2 snkbucl
|9 1401518
|
| 630 |
0 |
7 |
|a Cez ten Žaškov (nahrávka CD)
|x recenzie
|2 snkbucl
|9 1401519
|
| 655 |
|
7 |
|a články z novín a časopisov
|2 snkbucl
|9 267496
|
| 773 |
0 |
|
|t Hudobný život
|g Roč. 33, č. 5 (2001), s. 48-49
|x 1335-4140
|
| 850 |
|
|
|a Slovenská národná knižnica
|
| 852 |
|
|
|a Slovenská národná knižnica
|
| 954 |
|
|
|a odborná, vedecká literatúra pôvodná (slovenská)
|2 lita
|
| 958 |
|
|
|a article27
|
| 958 |
|
|
|a OND
|
| 958 |
|
|
|a SK
|
| 958 |
|
|
|a RC
|
| 958 |
|
|
|a EUIPO
|
| 992 |
|
|
|a RBX
|
| 999 |
|
|
|c 2848708
|d 2850638
|